中国各省面积第一大湖泊 The Biggest Lake in each Chinese Province - Statistics

General Stats
  • This quiz has been taken 252 times
  • The average score is 12 of 34
Answer Stats
Hint Answer % Correct
江西 鄱阳湖
88%
湖南 洞庭湖
88%
江苏 太湖
87%
北京(水库) 密云水库
85%
青海 青海湖
83%
安徽 巢湖
67%
浙江 东钱湖|千岛湖
60%
台湾 日月潭|曾文水库
57%
黑龙江 兴凯湖
56%
山东 南四湖
54%
内蒙古 呼伦湖
52%
云南 滇池
50%
河北 白洋淀
41%
西藏 色林错
40%
吉林 查干湖|松花湖
36%
上海 淀山湖
35%
湖北 洪湖
31%
新疆 阿牙克库木湖
31%
河南 龙湖|丹江口水库
26%
广东(水库) 万绿湖
23%
山西 运城盐湖
21%
四川 泸沽湖|白龙湖
18%
宁夏 沙湖
12%
贵州 草海|万峰湖
11%
香港(水库) 船湾淡水湖
9%
天津(水库) 北大港水库
8%
陕西 红碱淖|瀛湖
8%
重庆(水库) 长寿湖
7%
海南(水库) 松涛水库
6%
甘肃 尕海|刘家峡水库
5%
辽宁 卧龙湖|桓仁水库
4%
澳门(人工) 南湾湖
4%
广西(水库) 澄碧湖
3%
福建 三十六脚湖|水口水库
1%
No matching quizzes found
Score Distribution
Percent of People with Each Score
Percentile by Number Answered
Your Score History
You have not taken this quiz